00523nam a2200145Ia 4500008004100000100003500041245005900076260001400135500002400149650001200173942000700185952008400192952008400276999001700360230524s9999 xx 000 0 und d aKogent Learning Solutions Inc. 0aJava Server Programming Java EE6 (J2EE 1.6) Black Book bDreamtech aQuantity Number: 2 aComp-Sc cBK 00104070aTATCLbTATCLcGENd2023-05-24l0p43636r2023-05-24w2023-05-24yBK 00104070aTATCLbTATCLcGENd2023-05-24l0p43637r2023-05-24w2023-05-24yBK c49967d49967